| 000 | 01493cam a2200361 a 4500 | ||
|---|---|---|---|
| 999 |
_c7552 _d7552 |
||
| 001 | 1055011 | ||
| 003 | OSt | ||
| 005 | 20190212181748.0 | ||
| 008 | 900913r19911987nyua jdb 001 0beng | ||
| 010 | _a 90049175 | ||
| 020 | _a1559051000 (lg. print : set) | ||
| 040 |
_aDLC _cDLC _dDLC |
||
| 042 | _alcac | ||
| 050 | 1 | 0 |
_aTL540.E3 _bR36 1990 |
| 082 | 0 | 0 |
_a973.3 _220 _bD265p |
| 100 | 1 | _aDaugherty, James | |
| 245 | 1 | 0 |
_aPoor Richard/ _cDaugherty, James |
| 250 | _aMarshall Cavendish ed. | ||
| 260 |
_aNorth Bellmore, N.Y. : _bMarshall Cavendish Corp. ; _aLakeville, Conn. : _bGrey Castle Press, _cc1991. |
||
| 300 |
_a159 p. (large print) : _bill. ; _c24 cm. |
||
| 440 | 0 | _aAmerican cavalcade | |
| 500 | _aReprint. Originally published: New York : F. Watts, 1987. | ||
| 504 | _aIncludes bibliographical references (p. 157) and index. | ||
| 520 | _aThe life and career of the famous aviator, from her girlhood in Kansas, through her successes breaking aviation records and her increasing fame, to her mysterious disappearance. | ||
| 600 | 1 | 0 |
_aEarhart, Amelia, _d1897-1937 _xJuvenile literature. |
| 600 | 1 | 1 |
_aEarhart, Amelia, _d1897-1937. |
| 650 | 0 |
_aAir pilots _xBiography _xJuvenile literature. |
|
| 650 | 1 | _aAir pilots. | |
| 650 | 1 |
_aWomen _xBiography. |
|
| 906 |
_a7 _bcbc _corignew _d1 _eocip _f19 _gy-gencatlg |
||
| 942 |
_2ddc _cBK |
||